000
00188nam a2200085Ia 4500
008
250605s9999 xx 000 0 und d
041
_a
eng
100
_a
Dhananjay Pandey
245
_a
PickMyWork
999
_c
45660
_d
45660